| 000 | 00939nam0a22002651 4500 | ||
|---|---|---|---|
| 001 | rc\2354091 | ||
| 005 | 20260407101206.0 | ||
| 035 | _a(NLR Aleph) 006592433 | ||
| 090 |
_a7160631 _c7160631 |
||
| 100 | _a20110829d1977 |||y0rusy50 ca | ||
| 101 | 0 |
_arus _aukr |
|
| 102 | _aRU | ||
| 105 | _aa z ||||| | ||
| 200 | 1 |
_aФотобуклет _f[Фото С.С. Крячко] _gМузей нар. архитектуры и быта УССР |
|
| 210 |
_aКиïв _cМистецтво _d1977 |
||
| 215 |
_a[45] с. _cил. _d15 |
||
| 300 | _aТекст парал. на рус. и укр. яз. | ||
| 702 | 1 |
_aКрячко _bС.С. _4440 |
|
| 710 | 0 | 2 |
_aМузей народной архитектуры и быта Украинской ССР _cКиев _3RU\NLR\AUTH\8810055561 _9611753 |
| 801 | 0 |
_aRU _bNLR _gpsbo |
|
| 801 | 1 |
_aRU _bELAR _2rusmarc |
|
| 852 |
_aNLR _jЭ АлИс380/1-У450 |
||
| 899 |
_aRuMoRGB _jИЗО |
||
| 942 | _cBOOK | ||
| 980 | _aNB | ||